00481nam a2200181 a 4500001001300000003000900013005001700022008004100039020001000080082001500090100002100105245002100126260005300147300000800200500003500208650003500243700002100278nice12345678IN_TiNIC20260116011450.0070713s1882 alla grp 000 0 urd  ac10000a297.2bLAH aLahaz, Imaduddin aTauzeenul Aqwaal aAllahabad bPanjab Religious Book Society c1882 a55p aincludes index and biblioraphy aPolemics-Christianity Vs islam1 aLahaz, Imaduddin